| Поле | Инд. | ПП | Название | Значение |
|---|---|---|---|---|
| Тип записи | a | |||
| Библиографический уровень | m | |||
| 001 | Контрольный номер | RU/IS/BASE/297876129 | ||
| 005 | Дата корректировки | 20140703175345.5 | ||
| 020 | a | ISBN | 978-5-222-13964-6 | |
| 040 | a | Служба первич. каталог. | НБ ТвГУ | |
| b | Код языка каталог. | rus | ||
| e | Правила каталог. | PSBO | ||
| 041 | 0_ | a | Код языка текста | rus |
| 080 | a | Индекс УДК | 611.81(075.8) | |
| 084 | a | Индекс другой классификации/Индекс ББК | Е864.417я73-1 | |
| 090 | a | Полочн. индекс | Е864.4 | |
| x | Авторский знак | Х 76 | ||
| 100 | 1_ | a | Автор | Хомутов Александр Евгеньевич |
| q | Полное имя | Хомутов А. Е. | ||
| 245 | 10 | a | Заглавие | Анатомия центральной нервной системы |
| b | Продолж. заглавия | учебное пособие | ||
| 250 | a | Основные сведения об издании | Изд. 4-е | |
| 260 | a | Место издания | Ростов н/Д | |
| b | Издательство | Феникс | ||
| c | Дата издания | 2008 | ||
| 300 | a | Объем | 315 с., [8] л. ил. | |
| b | Иллюстрации/ тип воспроизводства | ил. | ||
| 440 | a | Серия | Высшее образование | |
| 504 | a | Библиография | Библиогр.: с. 308-312 | |
| 650 | a | Основная рубрика | Нервная система | |
| x | Основная подрубрика | Учебники для вузов | ||
| 650 | 14 | a | Основная рубрика | Центральная нервная система |
| x | Основная подрубрика | Анатомия | ||
| 653 | a | Ключевые слова | Анатомия центральной нервной системы | |
| a | Ключевые слова | Анатомия человека | ||
| a | Ключевые слова | Нервная система | ||
| a | Ключевые слова | Центральная нервная система | ||
| 666 | a | К ру | ||
| 700 | a | Другие авторы | Кульба Сергей Николаевич | |
| q | Полное имя | Кульба, С. Н. | ||
| 920 | a | Оператор | Густ | |
| 930 | a | Новая/Ретро | учебники | |
| 952 | c | Вид литературы | К ру | |
| 954 | a | Дата поступления на обработку | 20090619 |